|
|
|
|
| LEADER |
00000cam a2200000 a 4500 |
| 001 |
vtls011546703 |
| 003 |
SK-MaSNL |
| 005 |
20260302014337.0 |
| 008 |
240318s2015 xo g n 000 0 slo |
| 015 |
|
|
|a SNBA2017/04
|
| 020 |
|
|
|a 9788080991043
|q (brož.)
|z 9788080990043
|
| 035 |
|
|
|a urn:nbn:sk:snk-am00cx5m
|
| 035 |
|
|
|a urn:nbn:sk:snk-am3hmjw
|
| 035 |
|
|
|a 03171DBA-B50F-4029-A221-085AE00A5200
|
| 040 |
|
|
|a SNK
|b slo
|c SNK
|e AACR2
|
| 041 |
0 |
|
|a slo
|
| 044 |
|
|
|a xo
|c SK
|
| 072 |
|
7 |
|a 27
|x Kresťanstvo. Kresťanská cirkev všeobecne. Ekleziológia
|2 konspekt
|
| 072 |
|
7 |
|a 27-4
|x Praktická teológia. Morálna teológia
|2 konspekt
|
| 080 |
|
|
|a 27-144.82
|2 2011
|
| 080 |
|
|
|a 2-277.2
|2 2011
|
| 080 |
|
|
|a (035)
|2 2011
|
| 080 |
|
|
|a 2-567
|2 2001
|
| 080 |
|
|
|a 27-4
|2 2011
|
| 100 |
1 |
|
|a Dancák, František,
|d 1939-2018
|4 aut
|9 99141
|
| 245 |
1 |
0 |
|a Tvár milosrdenstva
|b buďte milosrdní
|c František Dancák
|
| 246 |
3 |
0 |
|a Buďte milosrdní
|
| 260 |
|
|
|a Prešov
|b Petra
|c 2015
|
| 300 |
|
|
|a 135 s.
|c 21 cm
|
| 500 |
|
|
|a V tiráži chybné ISBN
|
| 500 |
|
|
|a Vydané k Svätému roku milosrdenstva (8. december 2015 - 20. november 2016)
|
| 504 |
|
|
|a Bibliogr. odkazy ; bibliogr.: s. 133-134 ; zoz. skrat.
|
| 650 |
0 |
7 |
|a Božie milosrdenstvo
|2 SNKPH
|9 78604
|
| 650 |
0 |
7 |
|a Graciousness of God
|2 SNKPHeng
|9 323697
|
| 650 |
0 |
7 |
|a biblické citáty
|2 SNKPH
|9 1914
|
| 650 |
0 |
7 |
|a Biblical quotations
|2 SNKPHeng
|9 268253
|
| 650 |
0 |
7 |
|a sväté roky
|2 SNKPH
|9 90398
|
| 650 |
0 |
7 |
|a Holy Years
|2 SNKPHeng
|9 282643
|
| 650 |
0 |
7 |
|a kresťanský život
|2 SNKPH
|9 1808
|
| 650 |
0 |
7 |
|a Christian life
|2 SNKPHeng
|9 265582
|
| 655 |
|
7 |
|a príručky
|2 SNKPH
|9 74364
|
| 655 |
|
7 |
|a Handbooks, manuals, etc.
|2 SNKPHeng
|9 90964
|
| 919 |
|
|
|a 978-80-8099-104-3
|
| 958 |
|
|
|a NT
|
| 958 |
|
|
|a NB
|
| 999 |
|
|
|c 1016561
|d 1018491
|
| 952 |
|
|
|a SNK
|b SNK
|y PREZ
|7 0
|p 17A1256402
|o snkSC 173899
|i snk2017/7769
|8 0
|0 0
|1 0
|4 0
|d 2017-03-29
|f 1
|l 0
|r 2025-09-11 00:00:00
|w 2026-02-24
|
| 952 |
|
|
|a SNK
|b SNK
|y VYP
|7 0
|p 17A1256403
|o snkSC 173899 D1
|i snk2017/7770
|8 0
|0 0
|1 0
|4 0
|d 2017-03-29
|l 0
|r 2026-02-24 13:11:26
|w 2026-02-24
|